000 00551nam a2200169Ia 4500
008 090123s9999 xx 000 0 und d
082 _b29311
100 _aआफळे गोविंद रामचंद्र
245 _aसावरकर गाथा
250 _a0
300 _a32
600 _aआफळे गोविंद रामचंद्र
630 _aसावरकर गाथा
700 _aआफळे गोविंद रामचंद्र
730 _aसावरकर गाथा
942 _cBOOK
999 _c68092
_d68092